| 000 | 01404cam a22003494a 4500 | ||
|---|---|---|---|
| 001 | 13323829 | ||
| 003 | OSt | ||
| 005 | 20140310181923.0 | ||
| 008 | 030826s2004 nyua b 000 0 eng | ||
| 010 | _a 2003019055 | ||
| 020 | _a1576855066 | ||
| 040 |
_aDLC _cDLC _dDLC |
||
| 042 | _apcc | ||
| 050 | 0 | 0 |
_aQA 135.6 _b.J47 2004 |
| 082 | 0 | 0 |
_aTRM 372.2 _bJ47 2004 |
| 100 | 1 |
_aJeremko, Catherine V. _92020 |
|
| 245 | 1 | 0 |
_aJust in time math / _cCatherine V. Jeremko. |
| 246 | 3 | 0 | _aMath |
| 250 | _a1st ed. | ||
| 260 |
_aNew York : _bLearningExpress, _cc2004. |
||
| 300 |
_a268 p. : _bill. ; _c24 cm. |
||
| 504 | _aIncludes bibliographical references (p. 267-268). | ||
| 505 | 0 | _aStudy skills -- The integers and absolute value -- Properties of numbers -- Fractions, decimals, and ordering the real numbers -- Ratio and proportion -- Percent -- Powers, exponents, and roots -- Geometry and measurement conversions -- Statistics and probability -- Word problems. | |
| 521 | _aFaculty | ||
| 541 | _j1 | ||
| 562 | _e1 | ||
| 650 | 0 |
_aMathematics _xStudy and teaching (Elementary) _92021 |
|
| 856 | 4 | 1 |
_3Table of contents _uhttp://www.loc.gov/catdir/toc/ecip048/2003019055.html |
| 906 |
_a7 _bcbc _corignew _d1 _eecip _f20 _gy-gencatlg |
||
| 942 |
_2lcc _cBK-TR _kTRM |
||
| 999 |
_c7095 _d7095 |
||